Cooperativismo para docentes /
Guardado en:
| Autor Principal: | |
|---|---|
| Formato: | Libro |
| Publicado: |
Buenos Aires :
Intercoop,
2006
|
| Edición: | 2a. ed. |
| Series: | Manuales ; 18
|
| Materias: | |
| Etiquetas: |
Agregar Etiqueta
Sin Etiquetas, Sea el primero en etiquetar este registro!
|
| LEADER | 01229nam a22002415a 4500 | ||
|---|---|---|---|
| 001 | CEM.cems012284 | ||
| 005 | 20060913081124.0 | ||
| 008 | 130507s2006##################000#0#####d | ||
| 003 | CEMS | ||
| 020 | |a 950901284X | ||
| 082 | 0 | 4 | |a 334 |
| 100 | 1 | |a San Pedro, José | |
| 245 | 1 | 0 | |a Cooperativismo para docentes / |c José San Pedro |
| 250 | |a 2a. ed. | ||
| 260 | |a Buenos Aires : |b Intercoop, |c 2006 | ||
| 300 | |a 128 p. | ||
| 490 | 0 | |a Manuales ; 18 | |
| 500 | |a Segunda edición actualizada por Juan Ángel Pérez | ||
| 505 | 0 | |a Conceptos generales sobre las cooperativas -- Características diferenciales del cooperativismo -- Primeras manifestaciones de la idea cooperativa -- Fundamentos y principios -- Realizaciones. El cooperativismo en cifras -- Campo de acción de las cooperativas -- Relaciones intercoooperativas -- Argentina cooperativa -- Organismos internacionales de los Estados que apoyan y difunden el cooperativismo -- La educación cooperativa y los docentes -- Terminología cooperativa -- Legisación sobre la enseñanza del cooperativismo | |
| 653 | |a Cooperativismo | ||
| 653 | |a Coooperativismo escolar | ||
| 653 | |a Cooperativismo-enseñanza | ||
| 859 | |a CEMS |b BIB. CEMS - 11 de abril |h 334 |i Sa58-1a2 |p 23492.06 |t Ej.1 | ||
